00767nam a2200193 a 450000100060000000300090000600800410001502000150005604000280007108200190009910000260011824500700014426000250021430000100023950501900024965000390043965000410047865000540051922944CO-ViMGA141112s2004 ck r 000 u spa d a8497323912 aCO-ViMGAbspacCO-ViMGA04a620.0042 L191l1 aLazaro, Antoni Manuel10aLab view 7.1 Programacion grafica para el control de instrumentos aMéxico : bThomson a326p. aIntroduccion a la instrumentacion virtual, Diseño de una aplicacon, Creacion de un instrumento Virtual, Programacion estructurada, Tipos de dato estructurada, Introduccion al bus gpib14aGRAFICOS POR COMPUTADOR - MANUALES14aINSTRUMENTOS DE MEDICION - MANUALES 14aLAB VIEW ( PROGRAMAS PARA COMPUTADOR) - MANUALES